[Event "Russian Championship B17 2016"]
[Site "Loo"]
[Date "2016.04.21"]
[Round "2.9"]
[White "Sin, Denis"]
[Black "Galaktionov, Artem"]
[Result "0-1"]
[WhiteElo "2298"]
[BlackElo "2208"]
[PlyCount "96"]
[EventDate "2016.04.20"]

1. d4 d5 2. c4 e6 3. Nf3 Nf6 4. Nc3 Be7 5. Bf4 O-O 6. e3 Nbd7 7. Qc2 c6 8. cxd5
exd5 9. Bd3 h6 10. h3 b6 11. g4 c5 12. g5 hxg5 13. Bxg5 cxd4 14. exd4 Nh5 15.
Be3 Bb7 16. Rg1 Rc8 17. Ng5 Nhf6 18. Be2 g6 19. Ne6 Qe8 20. Bd3 Ne4 21. Bxe4
dxe4 22. Nxf8 Bxf8 23. Qb3 Kh7 24. O-O-O b5 25. Kb1 b4 26. Na4 Nf6 27. d5 Qb5
28. Rg5 Bd6 29. h4 Qe2 30. Nc5 Bxc5 31. Bxc5 Ba6 32. Rdg1 Rxc5 33. d6 Bd3+ 34.
Ka1 Rc4 35. h5 Qd2 36. Rc5 Qxf2 37. hxg6+ Kg7 38. Rcg5 Qd2 39. gxf7+ Kf8 40.
Rg8+ Kxf7 41. R8g2 Qe3 42. Rg3 Qc5 43. d7 Nxd7 44. Rg7+ Ke8 45. Rg8+ Ke7 46.
R8g7+ Kd8 47. Qd1 Rc2 48. Rg8+ Kc7 {далее запись неразбор~~ива} 0-1

[Event "Russian Championship B17 2016"]
[Site "Loo"]
[Date "2016.04.21"]
[Round "2.10"]
[White "Scherbakov, Mikhail"]
[Black "Grigorjev, Iljya"]
[Result "0-1"]
[WhiteElo "2139"]
[BlackElo "2297"]
[PlyCount "100"]
[EventDate "2016.04.20"]

1. e4 e5 2. Nf3 Nc6 3. Bb5 a6 4. Ba4 Nf6 5. d3 b5 6. Bb3 Bc5 7. Nc3 d6 8. Nd5
h6 9. c3 Nxd5 10. Bxd5 Bd7 11. O-O O-O 12. Be3 Bxe3 13. fxe3 Rb8 14. Qe1 Ne7
15. Bb3 Kh7 16. Qh4 Ng6 17. Qxd8 Rbxd8 18. Bxf7 Rxf7 19. Ng5+ hxg5 20. Rxf7 Nh8
21. Rf2 Kg8 22. b3 Ng6 23. Rb2 Rb8 24. Rd1 Kf7 25. Rf2+ Ke7 26. Rdf1 Be6 27. d4
c6 28. Rd2 a5 29. Rc1 Nf8 30. c4 bxc4 31. d5 Bd7 32. dxc6 Bxc6 33. Rxc4 Rb6 34.
Rdc2 Bb7 35. Ra4 Rb5 36. a3 Rxb3 37. Rxa5 Bxe4 38. Ra7+ Ke6 39. Rf2 Nd7 40. Re2
Rb1+ 41. Kf2 Bd3 42. Re1 Rb2+ 43. Kg3 Be4 44. Rg1 Nf6 45. a4 Re2 46. h3 g6 47.
Kh2 Rxe3 48. g4 Nd5 49. Rc1 Re2+ 50. Kg1 Ne3 0-1

[Event "Russian Championship B17 2016"]
[Site "Loo"]
[Date "2016.04.21"]
[Round "2.12"]
[White "Zaichikov, Andrey"]
[Black "Bykov, Oleg"]
[Result "0-1"]
[WhiteElo "2013"]
[BlackElo "2389"]
[PlyCount "98"]
[EventDate "2016.04.20"]

1. e4 e6 2. d3 d5 3. Nd2 Nf6 4. Ngf3 Bc5 5. e5 Nfd7 6. d4 Bb6 7. b4 Qe7 8. c3
O-O 9. a4 a5 10. b5 c5 11. Ba3 Bc7 12. Nb3 b6 13. Bd3 f6 14. exf6 Qxf6 15. Bb1
Bd6 16. O-O Bb7 17. Bc1 e5 18. Ng5 e4 19. Qg4 h6 20. Ne6 Re8 21. Nf4 Qf7 22.
Qg6 Qxg6 23. Nxg6 c4 24. Nd2 Nf6 25. g3 Kf7 26. Nh4 Bc8 27. Ng2 Bh3 28. Re1
Nbd7 29. Nf1 g5 30. Bc2 Kg7 31. Bd1 Re6 32. Nfe3 Rf8 33. Be2 Ree8 34. Bf1 Be6
35. Ra2 Kg6 36. Ra1 Rf7 37. Ba3 Bc7 38. Ra2 Kg7 39. Rd2 Rd8 40. Red1 Kg6 41.
Re1 h5 42. h3 Rg8 43. Bxc4 dxc4 44. d5 Bxh3 45. Nc2 Ne5 46. Nd4 Kh6 47. d6 Bd8
48. Kh1 Kg6 49. Nc6 Nd3 {далее запись неразбор~~ива} 0-1

[Event "Russian Championship B17 2016"]
[Site "Loo"]
[Date "2016.04.21"]
[Round "2.13"]
[White "Obgolts, Erik"]
[Black "Askerov, Marat"]
[Result "1/2-1/2"]
[WhiteElo "2172"]
[BlackElo "2375"]
[PlyCount "113"]
[EventDate "2016.04.20"]

1. Nf3 c5 2. c4 Nc6 3. Nc3 g6 4. e3 Nf6 5. d4 cxd4 6. Nxd4 Bg7 7. Be2 O-O 8.
O-O Nxd4 9. Qxd4 d6 10. Qd3 a5 11. e4 a4 12. Be3 Qa5 13. Rac1 Be6 14. b3 axb3
15. axb3 Nd7 16. Nd5 Bxd5 17. cxd5 Rfc8 18. b4 Qxb4 19. Rb1 Qa4 20. Rxb7 Ne5
21. Qb1 Bf6 22. h3 Qc2 23. Qxc2 Rxc2 24. Re1 Kg7 25. f4 Nc4 26. Bxc4 Rxc4 27.
Bf2 Ra2 28. e5 dxe5 29. fxe5 Bg5 30. h4 Rcc2 31. hxg5 Rxf2 32. Rxe7 Rxg2+ 33.
Kh1 Rh2+ 34. Kg1 Rag2+ 35. Kf1 Rf2+ 36. Kg1 Rhg2+ 37. Kh1 Rxg5 38. d6 Rf4 39.
Re2 Kf8 40. e6 h6 41. exf7 Rh4+ 42. Rh2 Rxh2+ 43. Kxh2 Rd5 44. Rd7 Rf5 45. Kg3
Rxf7 46. Rd8+ Kg7 47. d7 Kf6 48. Rh8 Rxd7 49. Rxh6 Kg5 50. Rh1 Rd3+ 51. Kf2 Kf5
52. Rh4 g5 53. Ra4 Kg6 54. Kg2 Kh5 55. Rb4 g4 56. Rb8 Rd5 57. Kg3 1/2-1/2

[Event "Russian Championship B17 2016"]
[Site "Loo"]
[Date "2016.04.21"]
[Round "2.14"]
[White "Elistratov, Semen"]
[Black "Kuznetsov, Felix"]
[Result "1-0"]
[WhiteElo "2329"]
[BlackElo "2053"]
[PlyCount "87"]
[EventDate "2016.04.20"]

1. e4 c5 2. Nf3 Nc6 3. d4 cxd4 4. Nxd4 Nf6 5. Nc3 d6 6. Bg5 e6 7. Qd2 a6 8.
O-O-O Bd7 9. f4 b5 10. Bxf6 gxf6 11. Kb1 Qb6 12. Nxc6 Bxc6 13. f5 b4 14. Ne2 e5
15. Ng3 h5 16. Bc4 h4 17. Nf1 Bxe4 18. Qe2 Bb7 19. Ne3 Bh6 20. Qh5 O-O-O 21.
Nd5 Bxd5 22. Bxd5 Bg5 23. Qxf7 Qc7 24. Qe6+ Qd7 25. Rhe1 Qxe6 26. Bxe6+ Kc7 27.
Re4 a5 28. Rd5 Kb6 29. c4 bxc3 30. bxc3 Rh7 31. Ra4 Rc7 32. Raxa5 Rxc3 33.
Rdb5+ Kc7 34. Bd5 Rc8 35. Be6 Rd8 36. Ra7+ Kc6 37. a4 Rc5 38. Rbb7 d5 39. Bd7+
Kd6 40. Ra6+ Ke7 41. Be6+ Ke8 42. Raa7 Rdc8 43. Bxc8 Rxc8 44. Rh7 1-0

[Event "Russian Championship B17 2016"]
[Site "Loo"]
[Date "2016.04.21"]
[Round "2.15"]
[White "Galiullin, Mikhail"]
[Black "Malyshev, Grigory"]
[Result "0-1"]
[WhiteElo "2164"]
[BlackElo "2315"]
[PlyCount "114"]
[EventDate "2016.04.20"]

1. b4 Nf6 2. Bb2 e6 3. a3 b6 4. e3 Bb7 5. Nf3 c5 6. b5 Be7 7. Be2 O-O 8. O-O d6
9. c4 Nbd7 10. Nc3 Rc8 11. Qc2 Qc7 12. Rac1 Rfd8 13. e4 Nf8 14. d4 cxd4 15.
Nxd4 N6d7 16. f4 Bf6 17. Rfd1 Ng6 18. f5 Bxd4+ 19. Rxd4 Nge5 20. Rcd1 Nc5 21.
Na4 Qe7 22. Nxc5 bxc5 23. R4d2 exf5 24. Bxe5 dxe5 25. exf5 Rd4 26. Rxd4 cxd4
27. Qd3 Rd8 28. Qg3 e4 29. f6 Qxf6 30. Qc7 Qb6 31. Qe7 Rc8 32. c5 Qxc5 33. Qxc5
Rxc5 34. Rxd4 Bd5 35. Bc4 Rxc4 36. Rxd5 g6 37. Rd8+ Kg7 38. Ra8 Rc7 39. Kf2 f5
40. a4 Kf6 41. a5 Ke5 42. a6 Kd4 43. Rb8 f4 44. Rb7 Rc2+ 45. Ke1 Rb2 46. Rxa7
Rxb5 47. Rb7 Ra5 48. a7 Ke3 49. Kd1 Kf2 50. Rf7 g5 51. Rb7 Ra1+ 52. Kc2 e3 53.
Kd3 Ra3+ 54. Ke4 e2 55. Rb2 Rxa7 56. h4 gxh4 57. Kxf4 Ra4+ 0-1

[Event "Russian Championship B17 2016"]
[Site "Loo"]
[Date "2016.04.21"]
[Round "2.16"]
[White "Neznanov, Aleksandr"]
[Black "Zhitnikov, Konstantin"]
[Result "1/2-1/2"]
[WhiteElo "2085"]
[BlackElo "2288"]
[PlyCount "160"]
[EventDate "2016.04.20"]

1. e4 c5 2. Nf3 e6 3. c4 Nc6 4. Nc3 Nf6 5. Be2 d5 6. exd5 exd5 7. d4 Be6 8. Be3
dxc4 9. O-O Be7 10. dxc5 O-O 11. h3 Nd7 12. Nd5 Bxc5 13. Bxc5 Nxc5 14. Ne3 b5
15. Qxd8 Rfxd8 16. b3 cxb3 17. Bxb5 Na5 18. axb3 Naxb3 19. Ra3 a5 20. Ng5 Nd4
21. Nxe6 Ncxe6 22. Bc4 Nc5 23. Bd5 Ra7 24. Rd1 Nb5 25. Raa1 Kf8 26. Rdc1 Nd3
27. Rcb1 Nc3 28. Rb3 Nf4 29. Bc4 Ne4 30. Rb5 a4 31. Rb4 Nc5 32. Bb5 Ncd3 33.
Bxd3 Rxd3 34. Nf5 Rd8 35. Nd4 Rad7 36. Nc2 Rd2 37. Rc4 Nd3 38. Ne3 Nb2 39. Rb4
Rxf2 40. Kxf2 Nd3+ 41. Ke2 Nxb4 42. Rxa4 Nc6 43. Rc4 Nd4+ 44. Kf2 g6 45. Nc2
Ne6 46. Ke2 Kg7 47. Ra4 Rd5 48. Ne3 Rb5 49. Ra2 Rb3 50. Kf2 Nc5 51. Rc2 Nd3+
52. Ke2 Nb4 53. Rd2 Nc6 54. Rd5 Ra3 55. Nc4 Ra2+ 56. Kf3 Ra4 57. Nd2 Nd4+ 58.
Kf2 Kh6 59. Rd7 f5 60. Ke3 Ne6 61. Kf2 Ng5 62. Ke2 Kh5 63. Kf2 h6 64. Rd6 f4
65. Rd5 Ra2 66. Kg1 Ra1+ 67. Kf2 Ra2 68. Kg1 Kh4 69. Rd4 Ne6 70. Rd6 Kh5 71.
Nf3 Ng7 72. Rd5+ g5 73. h4 Ne6 74. hxg5 hxg5 75. Rd6 Nc5 76. Nxg5 Ra1+ 77. Kh2
Rc1 78. Ne6 Ne4 79. Rd4 Nf2 80. Nxf4+ Kg5 1/2-1/2

[Event "Russian Championship B17 2016"]
[Site "Loo"]
[Date "2016.04.21"]
[Round "2.17"]
[White "Borisovsky, Dmitry"]
[Black "Bogdanov, Nikita"]
[Result "1-0"]
[WhiteElo "2281"]
[BlackElo "2025"]
[PlyCount "101"]
[EventDate "2016.04.20"]

1. e4 c6 2. Nc3 d5 3. Nf3 Bg4 4. h3 Bxf3 5. Qxf3 Nf6 6. d3 e6 7. Bd2 Nbd7 8. g4
h6 9. Qg3 dxe4 10. dxe4 Bb4 11. Bg2 Qe7 12. a3 Ba5 13. O-O-O O-O-O 14. e5 Bxc3
15. Bxc3 Nd5 16. Bxd5 cxd5 17. Bb4 Nc5 18. Kb1 Qc7 19. Qf4 Rd7 20. c4 b6 21.
cxd5 Rxd5 22. Rxd5 exd5 23. Rc1 a5 24. Bxa5 Kb7 25. Qd4 Qc6 26. Bb4 Rc8 27. Rd1
Rd8 28. Rc1 Rc8 29. Qf4 Qg6+ 30. Qf5 Qxf5+ 31. gxf5 Re8 32. Bxc5 bxc5 33. f4
Kc6 34. Rg1 Rg8 35. Kc2 d4 36. Re1 g6 37. e6 gxf5 38. e7 Re8 39. a4 c4 40. b3
Kc5 41. bxc4 Kxc4 42. a5 Kb5 43. Re5+ Ka6 44. Kd3 f6 45. Re6+ Kb7 46. Kxd4 Kc7
47. Kd5 h5 48. h4 Kb7 49. Kd6 Kc8 50. a6 Kb8 51. Kd7 1-0

[Event "Russian Championship B17 2016"]
[Site "Loo"]
[Date "2016.04.21"]
[Round "2.18"]
[White "Gunchenko, Vadim"]
[Black "Chilingaryan, Pavel"]
[Result "1-0"]
[WhiteElo "2263"]
[BlackElo "2125"]
[PlyCount "89"]
[EventDate "2016.04.20"]

1. d4 Nf6 2. c4 e6 3. Nf3 b6 4. a3 Bb7 5. Nc3 d5 6. Qa4+ Qd7 7. Qb3 dxc4 8.
Qxc4 Bd6 9. Bg5 Nd5 10. Nb5 a6 11. Nxd6+ cxd6 12. e4 b5 13. Qc2 Nb6 14. Bd3 h6
15. Be3 Qd8 16. O-O N8d7 17. Rac1 Rc8 18. Qb1 O-O 19. Rxc8 Qxc8 20. Nd2 d5 21.
e5 Nc4 22. Rc1 Qd8 23. Nf3 Qe7 24. Bd2 Rc8 25. Bb4 Qd8 26. b3 Ncb6 27. Qb2
Rxc1+ 28. Qxc1 Nc8 29. Qc2 Ne7 30. Qd2 Qc7 31. Bc2 f5 32. exf6 Nxf6 33. Ne5 Nc6
34. Nxc6 Bxc6 35. f3 Be8 36. Qc3 Qb6 37. Bc5 Qc7 38. Qe3 Bf7 39. Qd3 g6 40. Bb4
Kg7 41. Be1 Nd7 42. Bd2 e5 43. dxe5 Nxe5 44. Qc3 Qxc3 45. Bxc3 {
далее запись неразбор~~ива} 1-0

[Event "Russian Championship B17 2016"]
[Site "Loo"]
[Date "2016.04.21"]
[Round "2.19"]
[White "Shoshin, Boris"]
[Black "Shandrygin, Nikita"]
[Result "1-0"]
[WhiteElo "2055"]
[BlackElo "2334"]
[PlyCount "73"]
[EventDate "2016.04.20"]

1. d4 Nf6 2. c4 g6 3. Nf3 Bg7 4. Nc3 d5 5. cxd5 Nxd5 6. e4 Nxc3 7. bxc3 O-O 8.
Be3 c5 9. Rc1 Qa5 10. Qd2 Bg4 11. d5 Bxf3 12. gxf3 Nd7 13. f4 c4 14. Bxc4 Rac8
15. Qd3 Nc5 16. Bxc5 Qxc5 17. Bb3 Bxc3+ 18. Ke2 b5 19. h4 a5 20. Rh3 b4 21. h5
Kg7 22. Rch1 Rh8 23. h6+ Kf8 24. Rd1 Rd8 25. Qa6 Qc7 26. e5 Qd7 27. Qxa5 Re8
28. Rf3 Qf5 29. Qa6 Rd8 30. Qb6 Rc8 31. Qb7 Rd8 32. d6 exd6 33. exd6 Qd7 34.
Qxd7 Rxd7 35. Re3 Rg8 36. Ba4 Rd8 37. d7 1-0

[Event "Russian Championship B17 2016"]
[Site "Loo"]
[Date "2016.04.21"]
[Round "2.20"]
[White "Volobuev, Vladimir"]
[Black "Klukin, Kirill"]
[Result "0-1"]
[WhiteElo "2062"]
[BlackElo "2259"]
[PlyCount "56"]
[EventDate "2016.04.20"]

1. e4 c5 2. c3 Nf6 3. e5 Nd5 4. d4 cxd4 5. cxd4 e6 6. Nf3 Nc6 7. Bc4 d6 8. O-O
Be7 9. Bxd5 exd5 10. h3 O-O 11. Be3 Be6 12. Nc3 a6 13. exd6 Qxd6 14. Na4 Bf5
15. Nc5 Qg6 16. Kh1 b6 17. Nb3 Bc2 18. Qe1 Be4 19. a3 Bxf3 20. gxf3 Bd6 21. Qd2
Qf5 22. Kg2 Ne7 23. Rg1 Ng6 24. Kf1 Qxf3 25. Qd3 f5 26. Nd2 Qxh3+ 27. Ke2 f4
28. Rh1 f3+ 0-1

[Event "Russian Championship B17 2016"]
[Site "Loo"]
[Date "2016.04.21"]
[Round "2.21"]
[White "Mesnyankin, Nikita"]
[Black "Isayev, Maksym"]
[Result "1-0"]
[WhiteElo "2205"]
[BlackElo "2059"]
[PlyCount "85"]
[EventDate "2016.04.20"]

1. e4 c5 2. Nf3 d6 3. c3 Nf6 4. h3 Nbd7 5. Bd3 b6 6. O-O Bb7 7. Re1 e6 8. Bc2
Be7 9. d4 cxd4 10. cxd4 O-O 11. Nc3 e5 12. d5 a5 13. Be3 Nc5 14. a3 Qc7 15. Rc1
Rfc8 16. Qd2 Qd8 17. b4 axb4 18. axb4 Ncd7 19. Bd3 Ba6 20. Bxa6 Rxa6 21. Rc2
Raa8 22. Qe2 Qc7 23. Nd2 Qb7 24. Rec1 Ne8 25. Qb5 Bd8 26. Nb3 Rc7 27. Na4 Rxc2
28. Rxc2 Kf8 29. Na5 Qa6 30. Qxd7 Qd3 31. Rc8 Rxc8 32. Qxc8 bxa5 33. Qxd8 Qd1+
34. Kh2 Qxa4 35. bxa5 f6 36. Qb6 Qc4 37. a6 Ke7 38. a7 Nc7 39. Qxc7+ Qxc7 40.
a8=Q Qc4 41. Qg8 Qxe4 42. Qe6+ Kf8 43. Qxd6+ 1-0

[Event "Russian Championship B17 2016"]
[Site "Loo"]
[Date "2016.04.21"]
[Round "2.22"]
[White "Saidov, Bilukhadzh"]
[Black "Selivanov, Ivan"]
[Result "1-0"]
[WhiteElo "2027"]
[BlackElo "2194"]
[PlyCount "93"]
[EventDate "2016.04.20"]

1. d4 d5 2. Bf4 Nf6 3. e3 e6 4. Nd2 Be7 5. Bd3 c5 6. c3 Nc6 7. Ngf3 Nh5 8. Be5
Nf6 9. Bg3 O-O 10. Ne5 Nxe5 11. dxe5 Nd7 12. O-O c4 13. Bc2 b5 14. Nf3 Nc5 15.
Nd4 Bd7 16. Qg4 Kh8 17. Rad1 a5 18. f4 g6 19. Be1 f5 20. exf6 Bxf6 21. Qe2 Qc7
22. e4 e5 23. fxe5 Bxe5 24. Nf3 Bg4 25. Rxd5 Bxh2+ 26. Kh1 Ne6 27. Qf2 Bd6 28.
Qh4 h5 29. Rxb5 Rf7 30. e5 Be7 31. Qg3 Kg7 32. Nh2 Rxf1+ 33. Nxf1 Qc6 34. Ba4
Qe4 35. Qe3 Qf5 36. Ng3 Qf7 37. Bc2 Bg5 38. Qe4 Ra7 39. Qxc4 Rc7 40. Qe4 h4 41.
Qxg4 hxg3 42. Bxg3 Rc8 43. Qf3 Rh8+ 44. Kg1 Qe7 45. Rb7 Nc7 46. e6 Qc5+ 47. Bf2
1-0

[Event "Russian Championship B17 2016"]
[Site "Loo"]
[Date "2016.04.21"]
[Round "2.23"]
[White "Trubchaninov, Timur"]
[Black "Pryalukhin, Danila"]
[Result "1-0"]
[WhiteElo "2194"]
[BlackElo "2011"]
[PlyCount "49"]
[EventDate "2016.04.20"]

1. Nf3 c5 2. g3 Nc6 3. Bg2 g6 4. O-O Bg7 5. c3 e5 6. e4 Nge7 7. d3 O-O 8. Be3
d6 9. Na3 Rb8 10. Qd2 Re8 11. Rad1 f5 12. Nc2 Be6 13. b3 Kh8 14. d4 cxd4 15.
cxd4 fxe4 16. Ng5 Bg8 17. dxe5 d5 18. e6 Rf8 19. Nb4 Nxb4 20. Qxb4 a5 21. Qb5
d4 22. Bxe4 Bf6 23. Bf4 Bxg5 24. Qxg5 Bxe6 25. Qe5+ 1-0

[Event "Russian Championship B17 2016"]
[Site "Loo"]
[Date "2016.04.21"]
[Round "2.24"]
[White "Gagarin, Sergey"]
[Black "Mestnikov, Aisen"]
[Result "1/2-1/2"]
[WhiteElo "1997"]
[BlackElo "2190"]
[PlyCount "140"]
[EventDate "2016.04.20"]

1. e4 d6 2. d4 g6 3. Nc3 Bg7 4. Be3 Nf6 5. f3 c6 6. Qd2 b5 7. g4 e5 8. O-O-O
Qa5 9. Kb1 O-O 10. g5 Nh5 11. Nce2 Qxd2 12. Rxd2 Be6 13. Ng3 d5 14. Nxh5 gxh5
15. exd5 Bxd5 16. dxe5 Re8 17. Be2 Rxe5 18. Bf4 Re8 19. Nh3 a6 20. Bxb8 Raxb8
21. Nf4 Rbd8 22. Rhd1 Re5 23. Nxd5 Rdxd5 24. c4 Rxd2 25. Rxd2 Rxg5 26. cxb5
axb5 27. Bd3 h4 28. Be4 c5 29. Rd8+ Bf8 30. Kc2 Rg2+ 31. Rd2 h3 32. f4 Rg4 33.
Bf5 Rxf4 34. Bxh3 h5 35. Bd7 b4 36. h3 c4 37. Rg2+ Bg7 38. Bc8 Kf8 39. Re2 Rf3
40. Bd7 b3+ 41. axb3 cxb3+ 42. Kd1 Rf1+ 43. Re1 Rxe1+ 44. Kxe1 Bxb2 45. Ke2 Be5
46. Ba4 b2 47. Bc2 Ke7 48. Ke3 Ke6 49. Bb3+ Kf5 50. Bc2+ Kg5 51. Ke4 Bd6 52.
Kf3 h4 53. Bd3 f5 54. Bc2 Kf6 55. Bb1 Ke5 56. Bc2 Be7 57. Bb1 Bg5 58. Bc2 Bh6
59. Bb1 Bc1 60. Bc2 f4 61. Bb1 Kd4 62. Ke2 Be3 63. Bg6 Kc3 64. Bb1 Kb3 65. Kf3
Kc3 66. Ke2 Bd4 67. Bf5 Bf6 68. Bg6 f3+ 69. Kxf3 Kd2 70. Bb1 Kc1 1/2-1/2

[Event "Russian Championship B17 2016"]
[Site "Loo"]
[Date "2016.04.21"]
[Round "2.25"]
[White "Lushnikov, Sergey"]
[Black "Radzhabov, Rodion"]
[Result "1/2-1/2"]
[WhiteElo "1953"]
[BlackElo "2172"]
[PlyCount "80"]
[EventDate "2016.04.20"]

1. e4 c5 2. Nf3 Nc6 3. d4 cxd4 4. Nxd4 Qc7 5. Nc3 e6 6. Be2 a6 7. O-O Nf6 8.
Be3 Bb4 9. Na4 Be7 10. Nxc6 bxc6 11. Nb6 Rb8 12. Nxc8 Qxc8 13. Bd4 c5 14. Be5
Rb6 15. Qd3 d6 16. Bc3 O-O 17. Rad1 d5 18. exd5 exd5 19. Bxf6 Bxf6 20. b3 d4
21. Rde1 g6 22. Qf3 Kg7 23. Bc4 Re8 24. Re4 Rxe4 25. Qxe4 Qc6 26. Bd5 Qc7 27.
Re1 Rb8 28. Bc4 Qd6 29. a4 a5 30. f4 Qd7 31. h3 h6 32. g4 Qd6 33. Kg2 Qc7 34.
Re2 Rd8 35. Qf3 Rd7 36. Re4 Re7 37. Rxe7 Qxe7 38. Qe2 Qxe2+ 39. Bxe2 Bh4 40.
Kf3 f5 1/2-1/2

[Event "Russian Championship B17 2016"]
[Site "Loo"]
[Date "2016.04.21"]
[Round "2.26"]
[White "Akhtemov, Mustafa"]
[Black "Bubnov, Kirill"]
[Result "0-1"]
[WhiteElo "1880"]
[BlackElo "2159"]
[PlyCount "164"]
[EventDate "2016.04.20"]

1. e4 e6 2. d4 d5 3. e5 c5 4. c3 Qb6 5. Nf3 Nc6 6. a3 Nh6 7. b4 cxd4 8. cxd4
Nf5 9. Be3 Bd7 10. Bd3 Be7 11. O-O O-O 12. Bxf5 exf5 13. Nc3 Be6 14. Na4 Qd8
15. Nc5 b6 16. Nxe6 fxe6 17. g3 h6 18. Ne1 b5 19. Nd3 g5 20. Qh5 Kg7 21. Rac1
Rc8 22. h4 Qe8 23. Qxe8 Rfxe8 24. hxg5 hxg5 25. Nc5 Bxc5 26. Rxc5 f4 27. gxf4
gxf4 28. Rfc1 fxe3 29. Rxc6 e2 30. R6c5 Kf7 31. Kg2 Rh8 32. Kf3 Rxc5 33. bxc5
e1=Q 34. Rxe1 Rh3+ 35. Kg4 Rxa3 36. f4 Ra4 37. c6 Ke7 38. Kg5 Rxd4 39. Ra1 Ra4
40. Rxa4 bxa4 41. c7 Kd7 42. f5 exf5 43. e6+ Kxc7 44. Kf6 a3 45. e7 a2 46. e8=Q
a1=Q+ 47. Kxf5 Qg7 48. Qa8 Qf7+ 49. Ke5 Qh5+ 50. Kd4 Qg4+ 51. Ke5 Qe4+ 52. Kf6
Qf4+ 53. Ke6 Qd6+ 54. Kf5 Qd7+ 55. Kf4 Kb6 56. Qb8+ Qb7 57. Qd6+ Kb5 58. Ke5
Qg7+ 59. Kf5 Qh7+ 60. Kg4 Qe4+ 61. Kg3 Qd3+ 62. Kg2 Qc2+ 63. Kf1 Qc4+ 64. Kg2
a5 65. Qb8+ Ka4 66. Qe8+ Qb5 67. Qe5 Qd3 68. Qa1+ Kb3 69. Qxa5 Qc2+ 70. Kg1
Qc1+ 71. Kf2 Qb2+ 72. Kf1 Qf6+ 73. Ke2 Qe5+ 74. Kd1 Qd4+ 75. Qd2 Qe4 76. Qg5
Qd3+ 77. Ke1 Qc3+ 78. Ke2 Qc2+ 79. Qd2 d4 80. Ke1 Qe4+ 81. Kf2 Qh4+ 82. Kf3
Qh1+ 0-1

[Event "Russian Championship B17 2016"]
[Site "Loo"]
[Date "2016.04.21"]
[Round "2.27"]
[White "Mukuk, Osman"]
[Black "Dubinin, Alexsandr"]
[Result "0-1"]
[WhiteElo "1712"]
[BlackElo "2080"]
[PlyCount "96"]
[EventDate "2016.04.20"]

1. e4 c5 2. Nf3 Nc6 3. d4 cxd4 4. Nxd4 Nf6 5. Nc3 d6 6. Be3 Ng4 7. Bc1 Qb6 8.
Bb5 Bd7 9. O-O Nxf2 10. Rxf2 Qxd4 11. Qxd4 Nxd4 12. Bxd7+ Kxd7 13. Be3 Nc6 14.
Rxf7 g6 15. Rd1 Ne5 16. Rf3 Nxf3+ 17. gxf3 Bg7 18. Bd4 Bxd4+ 19. Rxd4 Rhf8 20.
Kg2 Ke6 21. Nd5 Rac8 22. c3 a5 23. a4 Rc5 24. b3 Ke5 25. Rd3 b5 26. axb5 Rxb5
27. Nxe7 Rxb3 28. Nc6+ Kf4 29. Nxa5 Rb2+ 30. Kg1 Ra8 31. Rd5 Kxf3 32. Rd3+ Kxe4
33. Rd4+ Kf3 34. Rd3+ Ke4 35. Rd4+ Kf5 36. Rd5+ Ke6 37. c4 Kf7 38. h4 h6 39.
Kh1 Ra6 40. Kg1 Kf6 41. Kf1 g5 42. hxg5+ hxg5 43. Ke1 Kg6 44. Kd1 Kh5 45. Kc1
Rb4 46. Kd2 Kg4 47. Kc3 Rb8 48. Kc2 Kh4 0-1

[Event "Russian Championship B17 2016"]
[Site "Loo"]
[Date "2016.04.21"]
[Round "2.28"]
[White "Bezotechestvo, Konstantin"]
[Black "Tkhamokov, Amir"]
[Result "1-0"]
[WhiteElo "2064"]
[BlackElo "1844"]
[PlyCount "83"]
[EventDate "2016.04.20"]

1. d4 Nf6 2. c4 c5 3. d5 e6 4. Nc3 exd5 5. cxd5 d6 6. Nf3 g6 7. Bf4 Bg7 8. Qa4+
Bd7 9. Qb3 Qc7 10. e4 O-O 11. Nd2 Nh5 12. Bg5 a6 13. a4 Re8 14. Be2 Nf6 15. Bf4
Ng4 16. Nc4 Ne5 17. Bxe5 Bxe5 18. Nxe5 Rxe5 19. O-O a5 20. f4 Re7 21. e5 dxe5
22. Ne4 Qc8 23. d6 Re6 24. fxe5 Nc6 25. Bg4 Nxe5 26. Bxe6 Bxe6 27. Nf6+ Kh8 28.
Qc3 Nc6 29. Qxc5 Nb4 30. Qd4 Qc4 31. Qe3 Nd5 32. Nxd5 Qxd5 33. Rad1 Qc6 34.
Qe5+ Kg8 35. h4 Qd7 36. h5 Re8 37. Qf6 gxh5 38. Qg5+ Kh8 39. Qe5+ Kg8 40. Qxh5
Bg4 41. Qg5+ Kh8 42. Rde1 1-0

[Event "Russian Championship B17 2016"]
[Site "Loo"]
[Date "2016.04.21"]
[Round "2.29"]
[White "Prokopov, Nikita"]
[Black "Mestnikov, Aital"]
[Result "0-1"]
[WhiteElo "1682"]
[BlackElo "2063"]
[PlyCount "102"]
[EventDate "2016.04.20"]

1. e4 c6 2. d4 d5 3. Nd2 dxe4 4. Nxe4 Bf5 5. Ng3 Bg6 6. h4 h6 7. h5 Bh7 8. Nf3
Bxc2 9. Qxc2 e6 10. Bf4 Nf6 11. Bc4 Bb4+ 12. Bd2 Bd6 13. Ne4 Bc7 14. Bc3 Nbd7
15. Ne5 Nxe4 16. Qxe4 Nf6 17. Qf3 O-O 18. O-O Qd6 19. g3 b5 20. Bb3 b4 21. Nc4
Qd5 22. Qxd5 cxd5 23. Bxb4 Rfb8 24. Bd6 dxc4 25. Bxc7 Rb7 26. Bxc4 Rxc7 27. Bb3
Rd8 28. Rfd1 Rcd7 29. Rac1 Nxh5 30. Rc4 Nf6 31. Kg2 Nd5 32. Rdc1 a5 33. Ra4 Nb4
34. d5 Nxd5 35. Rxa5 Nb4 36. Bc4 Rd2 37. a3 Nc2 38. Kf1 Rc8 39. b3 Nd4 40. Ke1
Rb2 41. Rc3 Rb1+ 42. Kd2 Rd8 43. Rd3 Rb2+ 44. Kc3 Rc2+ 45. Kb4 Rb8+ 46. Kc5
Nxb3+ 47. Rxb3 Rxb3 48. Ra8+ Kh7 49. Kd4 e5+ 50. Kd5 Rbc3 51. Bb5 Rc5+ 0-1

[Event "Russian Championship B17 1st league 2016"]
[Site "Loo"]
[Date "2016.04.21"]
[Round "2.1"]
[White "Tretyakov, Stepan"]
[Black "Karpenko, Artem"]
[Result "0-1"]
[WhiteElo "1967"]
[BlackElo "2324"]
[PlyCount "140"]
[EventDate "2016.04.20"]

1. d4 Nf6 2. c4 e6 3. Nf3 b6 4. g3 Ba6 5. Qa4 c5 6. dxc5 bxc5 7. Bg2 Bb7 8. O-O
Be7 9. Nc3 O-O 10. Rd1 Qb6 11. b3 d6 12. Bf4 Rd8 13. Rd2 a6 14. Rad1 Qc7 15.
Qa3 Nc6 16. Qb2 h6 17. h3 Rd7 18. e4 Nd4 19. Be3 e5 20. Ne1 Bc6 21. Nd5 Qb7 22.
Bxd4 cxd4 23. Nd3 Bd8 24. f4 Qb8 25. fxe5 dxe5 26. b4 Rb7 27. Ra1 Bxd5 28. cxd5
Be7 29. a3 a5 30. Rdd1 Ra6 31. Qe2 Raa7 32. bxa5 Rxa5 33. a4 Bd6 34. Rdc1 Nd7
35. Rc4 Nb6 36. Rc6 Rxa4 37. Rb1 Nc4 38. Rc1 Rb1 39. Rc8+ Qxc8 40. Rxb1 Ne3 41.
Rb6 Ra1+ 42. Kh2 Qc4 43. Rb2 Qa6 44. Bf3 Nd1 45. Rd2 Nc3 46. Qf2 Qb5 47. Bh5 g6
48. Bf3 Qb1 49. h4 h5 50. Qg2 Kg7 51. g4 hxg4 52. Bxg4 Qb8 53. Rf2 Nxd5 54. Qf3
Nf4 55. Nxf4 exf4 56. Rd2 Ra3 57. Qf2 Be5 58. Bf3 Qd8 59. h5 Qg5 60. Rd1 d3 61.
Rg1 Qg3+ 62. Qxg3 fxg3+ 63. Kh3 Ra2 64. hxg6 Kxg6 65. Bd1 Kg5 66. Rg2 Rxg2 67.
Kxg2 Kf4 68. Bf3 Ke3 69. Bh5 f6 70. Bf3 Bd6 0-1

[Event "Russian Championship B17 1st league 2016"]
[Site "Loo"]
[Date "2016.04.21"]
[Round "2.2"]
[White "Privorotsky, Oleg"]
[Black "Shkurkin, Andrey"]
[Result "1/2-1/2"]
[WhiteElo "1954"]
[BlackElo "2255"]
[PlyCount "89"]
[EventDate "2016.04.20"]

1. e4 c5 2. Nf3 g6 3. c3 Bg7 4. d4 cxd4 5. cxd4 d5 6. exd5 Nf6 7. Nc3 O-O 8.
Be2 Nxd5 9. O-O Nc6 10. Be3 Nxe3 11. fxe3 b6 12. Bb5 Bb7 13. Qe2 e6 14. Rfd1 a6
15. Bxc6 Bxc6 16. e4 Qe7 17. Rac1 Rfd8 18. Rc2 Rac8 19. Rcd2 b5 20. a3 Qb7 21.
Kh1 a5 22. d5 exd5 23. exd5 Be8 24. Ne4 b4 25. Qe3 bxa3 26. bxa3 Ba4 27. Nc5
Qa7 28. Rc1 Bf8 29. Qd4 Be8 30. Rdc2 Bxc5 31. Rxc5 Rxc5 32. Rxc5 Qb6 33. h3 a4
34. Ne5 Qf6 35. Kh2 h6 36. Qe3 Kg7 37. Nc4 Qf5 38. d6 Qf6 39. Rd5 Bc6 40. Re5
Be8 41. Qd2 h5 42. g3 h4 43. gxh4 Qxh4 44. Re7 Bd7 45. Qc3+ 1/2-1/2

[Event "Russian Championship B17 1st league 2016"]
[Site "Loo"]
[Date "2016.04.21"]
[Round "2.3"]
[White "Goltsev, Dmitry"]
[Black "Zakharov, Nikolay A"]
[Result "1-0"]
[WhiteElo "2169"]
[BlackElo "1942"]
[PlyCount "79"]
[EventDate "2016.04.20"]

1. e4 c6 2. d4 d5 3. e5 Bf5 4. h4 h5 5. Bd3 Bxd3 6. Qxd3 e6 7. Bg5 Be7 8. Nf3
Nd7 9. Nbd2 c5 10. c4 Bxg5 11. Nxg5 cxd4 12. Qxd4 Ne7 13. cxd5 Nxd5 14. Nc4 O-O
15. Qe4 f5 16. exf6 N7xf6 17. Qxe6+ Kh8 18. O-O Qe8 19. Nd6 Qxe6 20. Nxe6 Rfb8
21. Rfd1 b5 22. Nd4 Rb6 23. Nf7+ Kg8 24. Ng5 Rd8 25. Nf5 Rc8 26. Rac1 Rxc1 27.
Rxc1 Rb8 28. Nd6 b4 29. Ne6 Kh7 30. Nf5 g6 31. Nfd4 Re8 32. f3 Nd7 33. Rc6 N7f6
34. Kf2 Rb8 35. g3 Re8 36. Ke2 Nd7 37. Kd2 N5f6 38. Rc7 Re7 39. Rxa7 Nd5 40.
Rxd7 1-0